El español de los Estados Unidos

שמור ב:
מידע ביבליוגרפי
Main Authors: Escobar, Anna María (Author), Potowski, Kim (Author)
פורמט: ספר
שפה:ספרדית
יצא לאור: Cambridge, United Kingdom Cambridge University Press 2015
נושאים:
תגים: הוספת תג
אין תגיות, היה/י הראשונ/ה לתייג את הרשומה!

MARC

LEADER 00000cam a2200000 a 4500
001 UCC9767
003 CL-VaPUC
005 20220423074440.0
008 191111e20150000uk spa d
999 |c 1705  |d 1705 
020 |a 9781107451179 
040 |c Pontificia Universidad Católica de Valparaíso 
082 0 4 |a 467.9 ESC 2015  |2 21 
100 1 |a Escobar, Anna María  |e author  |9 605083 
245 1 3 |a El español de los Estados Unidos 
260 |a Cambridge, United Kingdom   |b Cambridge University Press  |c 2015 
300 |a 351 páginas  
583 |a last modification  |c 20191111 01:17:00  |k cmena 
650 0 0 |a Idioma español  |9 309143 
650 0 0 |a Sociolingüística  |9 263716 
650 0 0 |a Educación lingüística  |9 306506 
700 1 |a Potowski, Kim  |e author  |9 605084 
852 |a BIBCUR 
942 |c BK  |2 ddc 
945 |a cmena  |d 20191111 01:17:00 
952 |0 0  |1 0  |3 erb  |4 0  |6 467_900000000000000_ESC_2015  |7 0  |8 A  |9 495346  |a BIBEDU  |b BIBEDU  |d 2019-10-02  |e 1  |g 60164.00  |i 5562937  |o 467.9 ESC 2015  |p 5562937  |r 2020-01-06  |v 60164.00  |w 2020-01-06  |y BK  |z Catalogado en:20191111  |k LIT